000 00905nam a2200229 a 4500
001 44336
003 BD-RjUL
005 20211209053835.0
008 160717s2015 bg ||||| |||| 00| 0 ben d
020 _a9789849107583
_c: Tk.200.00
035 _a(BD-RjUL)44454
040 _aBD-RjUL
_bben
_cBD-RjUL
_dBD-RjUL
041 _aben
082 _223
_a320.95492
_bDAS 2015
100 _aদে, শংকর প্রসাদ
_9136083
245 1 0 _aসেনাসমর্থিত তত্ত্বাবধায়ক সরকারের দু বছর /
_cশংকর প্রসাদ দে
260 _aঢাকা :
_bবলাকা,
_c২০১৫
300 _a৯৬ পৃ. :
_bচিত্র ;
_c২১ সেমি.
650 _aরাজনীতি ও সরকার
_zবাংলাদেশ
_9136084
650 _aPolitics and Government
_zBangladesh
_9136085
942 _2ddc
_cBK
999 _c44336
_d44336